Liedtext - Santiano - Santiano - Statistiken

Allgemein
  • Dieses Quiz wurde 236 mal gespielt
  • Das Durchschnittsergebnis liegt bei 150 aus 231
Antwortstatistiken
Textquiz % Korrekt
Santiano
97%
Der
87%
der
87%
Volle
83%
Fahrt
82%
Die
81%
die
81%
und
80%
Und
80%
das
77%
mein
77%
uns
77%
los
75%
Segel
74%
Mädchen
73%
Meer
73%
Wind
73%
Leinen
72%
Sag
72%
sag
72%
See
71%
ade
69%
Abschied
67%
schwer
67%
wir
67%
fällt
66%
hoch
66%
trägt
65%
wie
64%
sind
63%
Soweit
56%
Doch
55%
Fahren
55%
lichterloh
55%
salzig
55%
tief
55%
Tränen
53%
Abendrot
52%
brennt
52%
wo
52%
ins
51%
Gradeaus
50%
wenn
50%
raus
49%
ist
48%
Du
47%
ruft
47%
Seemannsherz
47%
vor
46%
hinein
45%
Unser
44%
Ich
43%
ich
43%
aufgespannt
42%
dann
42%
sein
42%
Tag
42%
Wollen
40%
beginnt
39%
bevor
39%
dem
39%
Seemannsherz
39%
Himmelszelt
38%
kein
37%
Unsere
37%
Welt
37%
Decke
36%
ganze
36%
Mond
36%
dort
34%
Siehst
34%
brauch
33%
brauche
33%
versinkt
33%
Geld
31%
Schloss
31%
Zuhaus
27%
Keine übereinstimmenden Quizze gefunden
Verteilung der Resultate
Anzahl Personen mit jedem Resultat
Perzentil nach korrekt beantworteten Fragen
Ihre Resultats-Entwicklung
Sie haben dieses Quiz noch nicht gespielt